La filosofa del derecho / (Registro nro. 49571)
[ vista simple ]
| 000 -LEADER | |
|---|---|
| fixed length control field | 01124nam a2200313 4500 |
| 001 - CONTROL NUMBER | |
| control field | 0000013526 |
| 003 - CONTROL NUMBER IDENTIFIER | |
| control field | CO-CtgCURN |
| 005 - DATE AND TIME OF LATEST TRANSACTION | |
| control field | 20250825223111.0 |
| 008 - FIXED-LENGTH DATA ELEMENTS--GENERAL INFORMATION | |
| fixed length control field | 160627s1987 000 0 eng d |
| 020 ## - INTERNATIONAL STANDARD BOOK NUMBER | |
| International Standard Book Number | 9681604288 |
| 040 ## - CATALOGING SOURCE | |
| Original cataloging agency | CO-CtgCURN |
| Language of cataloging | spa |
| Transcribing agency | coctgcurn |
| 082 0# - DEWEY DECIMAL CLASSIFICATION NUMBER | |
| Classification number | 340.1 |
| Item number | F899f |
| 100 1# - MAIN ENTRY--PERSONAL NAME | |
| Personal name | Friedrich, Carl Joachim. |
| 245 13 - TITLE STATEMENT | |
| Title | La filosofa del derecho / |
| Statement of responsibility, etc. | Carl Joachim Friedrich , traducción Margarita Alvarez Franco. |
| 260 ## - PUBLICATION, DISTRIBUTION, ETC. | |
| Place of publication, distribution, etc. | Mexico : |
| Name of publisher, distributor, etc. | Fondo de Cultura Economica, |
| Date of publication, distribution, etc. | 1987. |
| 300 ## - PHYSICAL DESCRIPTION | |
| Extent | 443 p. |
| 336 ## - CONTENT TYPE | |
| Source | rdacontent |
| 337 ## - MEDIA TYPE | |
| Source | rdamedia |
| Media type term | sin mediacion |
| Media type code | n |
| 338 ## - CARRIER TYPE | |
| Source | rdacarrier |
| Carrier type term | volumen |
| Carrier type code | nc |
| 490 1# - SERIES STATEMENT | |
| Series statement | Breviarios del Fondo de Cultura Economica ; |
| Volume/sequential designation | 179 |
| 500 ## - GENERAL NOTE | |
| General note | Titulo original: Die hilosophie des rechts in historischer perspektive. |
| 504 ## - BIBLIOGRAPHY, ETC. NOTE | |
| Bibliography, etc. note | Bibliografia (p. 419-428) |
| 505 8# - FORMATTED CONTENTS NOTE | |
| Formatted contents note | El desarrollo historico.--Análisis sistematico |
| 650 #0 - SUBJECT ADDED ENTRY--TOPICAL TERM | |
| Topical term or geographic name entry element | Filosofia del derecho. |
| 700 1# - ADDED ENTRY--PERSONAL NAME | |
| Personal name | Alvarez Franco, Margarita, |
| Relator term | Traductor. |
| 908 ## - PUT COMMAND PARAMETER (RLIN) | |
| Put command parameter | 160627 |
| 942 ## - ADDED ENTRY ELEMENTS (KOHA) | |
| Koha item type | Libros |
| Classification part | 340.1 |
| Item part | F899f |
| Source of classification or shelving scheme | Dewey Decimal Classification |
| 999 ## - SYSTEM CONTROL NUMBERS (KOHA) | |
| -- | 1 |
| Withdrawn status | Lost status | Source of classification or shelving scheme | Damaged status | Not for loan | Home library | Current library | Shelving location | Date acquired | Total checkouts | Full call number | Barcode | Date last seen | Price effective from | Koha item type |
|---|---|---|---|---|---|---|---|---|---|---|---|---|---|---|
| Dewey Decimal Classification | Miguel Henríquez Castañeda | Miguel Henríquez Castañeda | General | 03/04/2019 | 340.1 F899f | 003433 | 03/04/2019 | 03/04/2019 | Libros |